Chemical oscillations and instabilities : (Record no. 7151)
[ view plain ]
| 000 -LEADER | |
|---|---|
| fixed length control field | 01315cam a2200325 a 4500 |
| 001 - CONTROL NUMBER | |
| control field | 3871870 |
| 003 - CONTROL NUMBER IDENTIFIER | |
| control field | OSt |
| 005 - DATE AND TIME OF LATEST TRANSACTION | |
| control field | 20210907121606.0 |
| 008 - FIXED-LENGTH DATA ELEMENTS--GENERAL INFORMATION | |
| fixed length control field | 890825s1990 enka b 001 0 eng |
| 010 ## - LIBRARY OF CONGRESS CONTROL NUMBER | |
| LC control number | 89023870 |
| 020 ## - INTERNATIONAL STANDARD BOOK NUMBER | |
| International Standard Book Number | 0198556462 : |
| Terms of availability | £50.00 ($75.00 U.S.) |
| 040 ## - CATALOGING SOURCE | |
| Original cataloging agency | DLC |
| Transcribing agency | DDC |
| Modifying agency | DLC |
| 050 00 - LIBRARY OF CONGRESS CALL NUMBER | |
| Classification number | QD502 |
| Item number | .G73 1990 |
| 082 00 - DEWEY DECIMAL CLASSIFICATION NUMBER | |
| Classification number | 541.GRA1990 |
| 100 1# - MAIN ENTRY--PERSONAL NAME | |
| Personal name | Gray, Peter, |
| Dates associated with a name | 1926- |
| 9 (RLIN) | 14720 |
| 245 10 - TITLE STATEMENT | |
| Title | Chemical oscillations and instabilities : |
| Remainder of title | Non-linear chemical kinetics / |
| Statement of responsibility, etc. | Edited by Gray,Peter and Scott,Stephen K. |
| 260 ## - PUBLICATION, DISTRIBUTION, ETC. (IMPRINT) | |
| Place of publication, distribution, etc. | Oxford [England] : |
| Name of publisher, distributor, etc. | Clarendon Press ; |
| Place of publication, distribution, etc. | Oxford ; |
| -- | New York : |
| Name of publisher, distributor, etc. | Oxford University Press, |
| Date of publication, distribution, etc. | 1990. |
| 300 ## - PHYSICAL DESCRIPTION | |
| Extent | xvi,453p; |
| Other physical details | ill. ; |
| Dimensions | 24 cm. |
| 440 #4 - SERIES STATEMENT/ADDED ENTRY--TITLE | |
| Title | The International series of monographs on chemistry ; |
| Volume/sequential designation | 21 |
| 9 (RLIN) | 14722 |
| 440 #0 - SERIES STATEMENT/ADDED ENTRY--TITLE | |
| Title | Oxford science publications |
| 9 (RLIN) | 14723 |
| 504 ## - BIBLIOGRAPHY, ETC. NOTE | |
| Bibliography, etc | Includes; bibliographical references and index |
| 650 #0 - SUBJECT ADDED ENTRY--TOPICAL TERM | |
| Topical term or geographic name as entry element | Chemistry |
| 9 (RLIN) | 797 |
| 650 #0 - SUBJECT ADDED ENTRY--TOPICAL TERM | |
| Topical term or geographic name as entry element | Nonlinear theories. |
| 9 (RLIN) | 8364 |
| 700 1# - ADDED ENTRY--PERSONAL NAME | |
| Personal name | Scott, Stephen K. |
| 9 (RLIN) | 14725 |
| 856 42 - ELECTRONIC LOCATION AND ACCESS | |
| Materials specified | Publisher description |
| Uniform Resource Identifier | <a href="http://www.loc.gov/catdir/enhancements/fy0639/89023870-d.html">http://www.loc.gov/catdir/enhancements/fy0639/89023870-d.html</a> |
| 856 41 - ELECTRONIC LOCATION AND ACCESS | |
| Materials specified | Table of contents only |
| Uniform Resource Identifier | <a href="http://www.loc.gov/catdir/enhancements/fy0639/89023870-t.html">http://www.loc.gov/catdir/enhancements/fy0639/89023870-t.html</a> |
| 906 ## - LOCAL DATA ELEMENT F, LDF (RLIN) | |
| a | 7 |
| b | cbc |
| c | orignew |
| d | 1 |
| e | ocip |
| f | 19 |
| g | y-gencatlg |
| 942 ## - ADDED ENTRY ELEMENTS (KOHA) | |
| Source of classification or shelving scheme | Dewey Decimal Classification |
| Koha item type | Open Shelf |
| Withdrawn status | Lost status | Source of classification or shelving scheme | Damaged status | Not for loan | Home library | Current library | Date acquired | Source of acquisition | Inventory number | Total Checkouts | Full call number | Barcode | Date last seen | Price effective from | Koha item type |
|---|---|---|---|---|---|---|---|---|---|---|---|---|---|---|---|
| Dewey Decimal Classification | MUST Main Library | MUST Main Library | 07/09/2021 | donation | 2000/14276 | 541.GRA1990 | 2021-0902 | 07/09/2021 | 07/09/2021 | Open Shelf |
